000 01239nas a2200385 a 4500
001 295340
003 BLK
005 20240530152634.0
008 180413b bul rap|r|||| |0| c1bulo|
010 _aPRD00005271000
022 _a0204-8523
040 _aBLK
041 _aBUL
_cBUL
080 _aПраво
_b34
_x(497.2)
_z34(497.2)
245 1 0 _aОбщество и право
_bсписанието за тези, които търсят истината
_cСъюз на юристите в България
257 _aBGR
260 _aСофия
_bНова звезда
_c1980
_fИПК Родина
_9210151
300 _c23 см
310 _aМесечно
362 _a№ 1 (1979) -
380 _a3
500 _aСп. прекъсва през 1995-1999 г.
710 _9388527
_aСъюз на юристите в България
852 _aА 2002
856 _qpdf
_u
856 _qpdf
_u
942 _cJOU
_n0
_s1
_058
944 _aCR
_cЛюбомир_Делиганев
_k30535
_lХристина Везирева
944 _aED
_cЛюбомир_Делиганев
_k28.03.2018
999 _c295340
_d295340
999 _d295340
999 _d295340
999 _d295340
999 _d295340
999 _d295340